000 00425nam a2200169Ia 4500
008 090711s9999 xx 000 0 und d
082 _b35251
100 _aसाठे अण्णाभाऊ
245 _aआग
260 _c1967
300 _a114
600 _aसाठे अण्णाभाऊ
630 _aआग
700 _aसाठे अण्णाभाऊ
730 _aआग
942 _cBOOK
999 _c297087
_d297087